LEADER 01348nam a2200301 i 4500 001 000000139944 003 CaOOAMICUS 005 20050603000000.0 008 050603s1990 it u000 u ita u 013 $a114077 020 $a88-17-16766-5 040 $aSeMil$bita 100 1 $aVaussard, Maurice <1888-1978>.$0(OLS)http://semarc/name/24279 240 13$aLa vie quotidienne en italie au XVIII siècle.$0(OLS)http://semarc/title/204454 245 13$aLa vita quotidiana in Italia nel Settecento /$cMaurice Vaussard ; traduzione di Maura Pizzorno. 260 $aMilano :$bRizzoli,$c1990. 300 $a252 p. ;$c18 cm. 490 0 $aBiblioteca Universale Rizzoli ;$vL766 500 $aContiene : Bibliografia ; Indice dei nomi. 650 4$aSocietà - Italia - Sec. 18.$0(OLS)http://semarc/subject/27537 700 1 $aPizzorno, Maura.$0(OLS)http://semarc/name/35932 830 0$aBiblioteca Universale Rizzoli ;$vL766.$0(OLS)http://semarc/title/7348 850 $aSeMil 852 $aSeMil$W1$xVenegono$y1$m78 12 L766 *$j93333$B93333$CSeMilBibl$Z2$F99090 $81 961 $aLascito: Corradi mons. Enrico 996 $6020$a88-17-16766-5$9(OLS)http://semarc/number/128024 996 $6245$aLa vita quotidiana in Italia nel Settecento$9(OLS)http://semarc/title/204453 996 $6260$aMilano :$bRizzoli$9(OLS)http://semarc/publisher/29824 LEADER 01057nam a2200229 i 4500 001 000000181008 003 CaOOAMICUS 005 20250505085657.0 008 090812s1934 au u000 u lat u 013 $a158809 040 $aSeMil$bita 100 1 $aLercher, Ludwig,$c.$0(OLS)http://semarc/name/4986 245 10$a3: De Verbo incarnato, De B.M.V. et cultu sanctorum, De gratia Christi /$cauctore Ludovico Lercher. 250 $aEditio secunda. 260 $aOeniponte :$bTypis et sumptibus Fel. Rauch,$c1934. 300 $a611 p. ;$c22 cm. 773 0 $aLercher, Ludwig $tInstitutiones theologiae dogmaticae.$bEditio secunda.$dOeniponte : Typis et sumptibus Fel. Rauch, 1934-1935.$g3$w()21849 850 $aSeMil 852 $aSeMil$W1$xVenegono$y1$m2B II 147$j131756$B131756$CSeMilBibl$Z2$F143611 $81 996 $6245$a3: De Verbo incarnato, De B.M.V. et cultu sanctorum, De gratia Christi$9(OLS)http://semarc/title/259930 996 $6260$aOeniponte :$bTypis et sumptibus Fel. Rauch$9(OLS)http://semarc/publisher/35609